000984875 001__ 984875 000984875 005__ 20260202090257.0 000984875 0247_ $$2ISSN$$a0342-0477 000984875 0247_ $$2ISSN$$a1439-1260 000984875 0247_ $$2SCOPUS$$aSCOPUS:2-s2.0-85179811943 000984875 0247_ $$2WOS$$aWOS:001114261400011 000984875 0247_ $$2doi$$a10.1055/a-2123-9449 000984875 037__ $$aRWTH-2024-04258 000984875 041__ $$aGerman 000984875 082__ $$a370 000984875 1001_ $$0P:(DE-82)989024$$aSteinke, Frederike$$b0$$eCorresponding author$$urwth 000984875 245__ $$aGestenschatz: Einsatz von Gesten in der Wortschatzintervention bei Late Talkern$$honline, print 000984875 246_3 $$aGestenschatz - Implementation of gestures in a vocabulary intervention for late talkers$$yEnglish 000984875 260__ $$aStuttgart [u.a.]$$bThieme$$c2023 000984875 3367_ $$00$$2EndNote$$aJournal Article 000984875 3367_ $$0PUB:(DE-HGF)16$$2PUB:(DE-HGF)$$aJournal Article$$bjournal$$mjournal 000984875 3367_ $$2BibTeX$$aARTICLE 000984875 3367_ $$2DRIVER$$aarticle 000984875 3367_ $$2DataCite$$aOutput Types/Journal article 000984875 3367_ $$2ORCID$$aJOURNAL_ARTICLE 000984875 588__ $$aDataset connected to CrossRef, Journals: publications.rwth-aachen.de 000984875 591__ $$aGermany 000984875 7001_ $$0P:(DE-82)019222$$aGrande, Marion$$b1$$urwth 000984875 7001_ $$0P:(DE-82)995598$$aVogt, Susanne$$b2$$urwth 000984875 7001_ $$0P:(DE-82)699736$$aDohmen, Andrea$$b3$$urwth 000984875 773__ $$0PERI:(DE-600)2041779-2$$a10.1055/a-2123-9449$$n4$$p211-216$$tSprache, Stimme, Gehör$$v47$$x1439-1260$$y2023 000984875 909CO $$ooai:publications.rwth-aachen.de:984875$$pVDB 000984875 9101_ $$0I:(DE-588b)36225-6$$6P:(DE-82)989024$$aRWTH Aachen$$b0$$kRWTH 000984875 9101_ $$0I:(DE-588b)36225-6$$6P:(DE-82)019222$$aRWTH Aachen$$b1$$kRWTH 000984875 9101_ $$0I:(DE-588b)36225-6$$6P:(DE-82)995598$$aRWTH Aachen$$b2$$kRWTH 000984875 9101_ $$0I:(DE-588b)36225-6$$6P:(DE-82)699736$$aRWTH Aachen$$b3$$kRWTH 000984875 9141_ $$y2023 000984875 9151_ $$0StatID:(DE-HGF)0031$$2StatID$$aPeer reviewed article$$x0 000984875 915__ $$0StatID:(DE-HGF)0100$$2StatID$$aJCR$$bSPRACHE-STIMME-GEHOR : 2022$$d2023-08-22 000984875 915__ $$0StatID:(DE-HGF)0112$$2StatID$$aWoS$$bEmerging Sources Citation Index$$d2023-08-22 000984875 915__ $$0StatID:(DE-HGF)0150$$2StatID$$aDBCoverage$$bWeb of Science Core Collection$$d2023-08-22 000984875 915__ $$0StatID:(DE-HGF)0199$$2StatID$$aDBCoverage$$bClarivate Analytics Master Journal List$$d2023-08-22 000984875 915__ $$0StatID:(DE-HGF)0200$$2StatID$$aDBCoverage$$bSCOPUS$$d2023-08-22 000984875 915__ $$0StatID:(DE-HGF)9900$$2StatID$$aIF < 5$$d2023-08-22 000984875 9201_ $$0I:(DE-82)721810_20220318$$k721810$$lLehrstuhl für Psychologische Diagnostik und Intervention$$x0 000984875 9201_ $$0I:(DE-82)535010-1_20140620$$k934310$$lLehr- und Forschungsgebiet für Neurobiologische Forschung$$x1 000984875 9201_ $$0I:(DE-82)535000-2_20140620$$k933810$$lKlinik und Lehrstuhl für Neurologie$$x2 000984875 961__ $$c2024-04-19T11:44:37.955326$$x2024-04-19T11:44:37.955326$$z2024-04-19 000984875 980__ $$aI:(DE-82)535000-2_20140620 000984875 980__ $$aI:(DE-82)535010-1_20140620 000984875 980__ $$aI:(DE-82)721810_20220318 000984875 980__ $$aUNRESTRICTED 000984875 980__ $$aVDB 000984875 980__ $$ajournal